000 01169nam a2200337Ia 4500
003 GCL
008 140319s9999 xx 000 0 ara d
040 _aGCL /
_cGCL
082 0 4 _a953.09
_bج ت
100 1 _aجميل بيضون
245 1 0 _aتاريخ العرب الحديث /
_cجميل بيضون
700 1 _aشحاته الناطور
700 1 _aعلى عكاشة
250 _aالاولى
260 _aالاردن :
_bدار الامل للنشر والتوزيع ،
_c1991
300 _a170 ؛
_c24 سم
490 _a
650 0 4 _aالعصر الحديث
650 0 4 _aالعالم العربى
650 0 4 _aتاريخ
650 0 4 _aالاحوال الاجتماعية
650 0 4 _aالاحوال السياسية
650 0 4 _aالجمعيات السرية
650 0 4 _aالاحوال الاقتصادية
650 0 4 _aالاستعمار الفرنسى
650 0 4 _aالامبراطورية العثمانية
650 0 4 _aالاستعمار البريطانى
650 0 4 _aالحركات الانفصالية
650 0 4 _aالعالم العربى - تاريخ - العصر العثمانى
942 _2ddc
_cBK
999 _c30949
_d30949